Homemaker services; history and bibliography. (Record no. 34476)

MARC details
000 -LEADER
fixed length control field 00655cam a22002291 4500
001 - CONTROL NUMBER
control field hew64000063
003 - CONTROL NUMBER IDENTIFIER
control field DLC
005 - DATE AND TIME OF LATEST TRANSACTION
control field 20260227111513.0
008 - FIXED-LENGTH DATA ELEMENTS--GENERAL INFORMATION
fixed length control field 670319s1964 xx 000 0 eng
010 ## - LIBRARY OF CONGRESS CONTROL NUMBER
LC control number hew64000063
035 ## - SYSTEM CONTROL NUMBER
System control number (OCoLC)392043
040 ## - CATALOGING SOURCE
Original cataloging agency DLC
Transcribing agency DNLM
Modifying agency NhD
-- MdU-H
-- DLC
042 ## - AUTHENTICATION CODE
Authentication code premarc
050 00 - LIBRARY OF CONGRESS CALL NUMBER
Classification number Z7164.C5
Item number M7
060 00 - NATIONAL LIBRARY OF MEDICINE CALL NUMBER
Classification number W1
Item number UN6181 no.410 1964
100 1# - MAIN ENTRY--PERSONAL NAME
Personal name Morlock, Maud.
245 10 - TITLE STATEMENT
Title Homemaker services; history and bibliography.
260 ## - PUBLICATION, DISTRIBUTION, ETC.
Place of publication, distribution, etc. Washington,
Date of publication, distribution, etc. 1964.
300 ## - PHYSICAL DESCRIPTION
Extent vi, 116 p.
410 10 - SERIES STATEMENT/ADDED ENTRY--CORPORATE NAME [OBSOLETE, CAN/MARC], [LOCAL, USA]
Corporate name or jurisdiction name as entry element United States.
Subordinate unit Children's Bureau.
Title of a work Publication ;
Volume number/sequential designation no. 410
650 #0 - SUBJECT ADDED ENTRY--TOPICAL TERM
Topical term or geographic name entry element Visiting housekeepers
Form subdivision Bibliography.

No items available.

Powered by Koha